| 000 | 00598nam a2200181 i 4500 | ||
|---|---|---|---|
| 001 | 41571 | ||
| 003 | ES-MaACL | ||
| 005 | 20230906160445.0 | ||
| 007 | t| | ||
| 008 | 030311s1949 xxk ||||1| eng d | ||
| 245 | 0 | 0 |
_aCassell's new english dictionary / _cedited by Ernest A. Baker, enlarged and revised by Arthur L. Hayward. |
| 250 | _a15th ed. | ||
| 260 |
_aLondon, etc. : _bCassell and Company, _c[1949] ( _fWatford Taylor Garnet Evans) |
||
| 300 |
_aXIII, 1682 p. ; _c22 cm. |
||
| 700 | 1 |
_aBaker, Ernest. _924773 |
|
| 700 | 1 |
_aHayward, Arthur L. _962220 |
|
| 852 |
_aES-MaACL _jD-7723 _bR.29781 |
||
| 999 |
_c41571 _d41571 |
||